[Event "II Festival del Salento A"]
[Site "Gallipoli ITA"]
[Date "2013.05.31"]
[Round "8"]
[White "Chernukhin, Alexander"]
[Black "Al Hamlan, Faisal"]
[WhiteElo "2091"]
[BlackElo "1968"]
[Result "1/2-1/2"]
[PlyCount "89"]
[EventDate "2013.05.25"]

1. e4 e6 2. d3 d5 3. Nd2 Nf6 4. Ngf3 dxe4 5. dxe4 Bc5 6. Bd3 Nbd7 7. O-O h6 8.
a3 O-O 9. Nc4 b6 10. Qe2 Bb7 11. e5 Nh7 12. Bf4 Re8 13. Rad1 Nhf8 14. b4 Be7
15. c3 Qc8 16. Nd4 c5 17. Nf3 Rd8 18. b5 Nh7 19. a4 Ndf8 20. Nfd2 f5 21. exf6
Nxf6 22. Be5 Rd7 23. f4 Qe8 24. a5 Rad8 25. Nf3 Nd5 26. axb6 Nxb6 27. Na5 Ba8
28. Nc6 c4 29. Be4 Rxd1 30. Rxd1 Rxd1+ 31. Qxd1 Bc5+ 32. Bd4 Qd7 33. Qd2 Bxd4+
34. Qxd4 Bxc6 35. bxc6 Qxd4+ 36. Nxd4 Kf7 37. c7 Ke7 38. f5 e5 39. Nb5 Kd7 40.
f6 g6 41. Nxa7 Kxc7 42. Nb5+ Kd7 43. f7 Ke7 44. Na3 Kxf7 45. Nxc4 1/2-1/2

[Event "II Festival del Salento A"]
[Site "Gallipoli ITA"]
[Date "2013.05.31"]
[Round "8"]
[White "De Giorgi, Stefano"]
[Black "Bernabei, Alberto"]
[WhiteElo "2102"]
[BlackElo "1968"]
[Result "1-0"]
[PlyCount "45"]
[EventDate "2013.05.25"]

1. e4 e5 2. Nf3 Qe7 3. Nc3 c6 4. Be2 Nf6 5. O-O d6 6. Re1 h6 7. d4 Bg4 8. h3
Bh5 9. b3 Qc7 10. Bb2 Be7 11. dxe5 dxe5 12. Nxe5 Bxe2 13. Nxe2 Nxe4 14. Nf4
Nxf2 15. Kxf2 O-O 16. Ned3 Na6 17. Qh5 Nb4 18. Qf5 g5 19. Nh5 Nxc2 20. Rxe7
Qb6+ 21. Kf1 Ne3+ 22. Rxe3 Qxe3 23. Nf6+ 1-0

[Event "II Festival del Salento A"]
[Site "Gallipoli ITA"]
[Date "2013.05.31"]
[Round "8"]
[White "Fasiello, Andrea"]
[Black "Klein, Gernot"]
[WhiteElo "1988"]
[BlackElo "1888"]
[Result "1-0"]
[PlyCount "149"]
[EventDate "2013.05.25"]

1. e4 c5 2. Nf3 e6 3. d4 cxd4 4. Nxd4 a6 5. Bd3 Bc5 6. Nb3 Ba7 7. O-O Nc6 8.
Nc3 Nge7 9. Re1 d6 10. a4 O-O 11. Be3 Ng6 12. Bxa7 Rxa7 13. Bf1 b6 14. Qd2 Rd7
15. Rad1 Qc7 16. Qe3 Nb4 17. Rd2 Bb7 18. Red1 Rdd8 19. f4 Rfe8 20. Qf2 Ne7 21.
Bd3 Kh8 22. Ne2 Bc6 23. Ra1 Bb7 24. Ng3 g6 25. Qd4+ e5 26. Qxb4 exf4 27. Ne2 f3
28. gxf3 Ng8 29. Qc3+ Qxc3 30. Nxc3 f5 31. Nd5 Nh6 32. Re2 g5 33. c4 g4 34.
fxg4 fxe4 35. Rxe4 Rxe4 36. Bxe4 Nxg4 37. h3 Ne5 38. Nd2 Rg8+ 39. Kf2 Re8 40.
b3 Rf8+ 41. Ke3 Bc8 42. Rh1 Nd7 43. Rf1 Rxf1 44. Nxf1 Nc5 45. Bg2 Nxb3 46. Nxb6
Be6 47. Nd2 Nc5 48. a5 Kg7 49. h4 Kh6 50. Bf3 Kg6 51. Nd5 Kf5 52. Nf4 Bc8 53.
Ne2 Bb7 54. Nd4+ Kf6 55. Ne4+ Bxe4 56. Bxe4 h6 57. Bc2 Nb7 58. Nb3 Ke5 59. Be4
Nd8 60. Bd5 Kf5 61. Kf3 h5 62. Nd4+ Ke5 63. Ke3 Kf6 64. Kf4 Kg6 65. Ne6 Nf7 66.
Nf8+ Kf6 67. Bxf7 Kxf7 68. Nd7 Ke7 69. Nb8 Kd8 70. Nxa6 Kc8 71. Ke4 Kb7 72. Nb4
Kc7 73. Kd5 Kd7 74. Nd3 Kc7 75. Nf4 1-0

[Event "II Festival del Salento A"]
[Site "Gallipoli ITA"]
[Date "2013.05.31"]
[Round "8"]
[White "Ortega Ruiz, Jose' Miguel"]
[Black "Naumkin, Igor"]
[WhiteElo "2346"]
[BlackElo "2453"]
[Result "0-1"]
[PlyCount "78"]
[EventDate "2013.05.25"]

1. d4 Nf6 2. Nf3 e6 3. Bf4 b6 4. h3 Bb7 5. e3 Bd6 6. Bxd6 cxd6 7. a4 Nc6 8.
Nbd2 d5 9. Nb3 a5 10. Nbd2 O-O 11. Nb1 Ne4 12. Na3 f5 13. c3 f4 14. exf4 Rxf4
15. Be2 Qf6 16. Qb3 Qh6 17. Qxb6 Rxf3 18. gxf3 Qd2+ 19. Kf1 Ba6 20. Nb5 Qxb2
21. fxe4 Qxa1+ 22. Kg2 Qb2 23. Bf3 Rf8 24. Re1 Bxb5 25. Qxb5 Qxc3 26. Re3 Qd2
27. exd5 Nxd4 28. Qxd7 e5 29. Qg4 Nc2 30. Qe6+ Kh8 31. Rxe5 Qf4 32. Re3 Qg5+
33. Qg4 Qxe3 34. fxe3 Nxe3+ 35. Kf2 Nxg4+ 36. hxg4 Kg8 37. Ke3 Kf7 38. Be4 Ke7
39. Bxh7 Kd6 0-1

[Event "II Festival del Salento A"]
[Site "Gallipoli ITA"]
[Date "2013.05.31"]
[Round "8"]
[White "Quaranta, Cristiano"]
[Black "Gutierrez, Leonela"]
[WhiteElo "2172"]
[BlackElo "2090"]
[Result "1-0"]
[PlyCount "53"]
[EventDate "2013.05.25"]

1. e4 c5 2. Na3 a6 3. g3 Nc6 4. Bg2 g6 5. d3 Bg7 6. c3 b5 7. Nc2 b4 8. cxb4
cxb4 9. d4 Qa5 10. b3 Rb8 11. Ne2 Nf6 12. Bb2 d5 13. e5 Ne4 14. Ne3 f5 15. exf6
Nxf6 16. Nf4 e6 17. Qc2 Ne7 18. O-O Bd7 19. a3 Kf7 20. Nd3 Bb5 21. Ne5+ Ke8 22.
axb4 Qb6 23. Rfe1 Nd7 24. Nd3 Bxd4 25. Nc5 Bxb2 26. Qxb2 Rf8 27. Nxe6 1-0

[Event "II Festival del Salento A"]
[Site "Gallipoli ITA"]
[Date "2013.05.31"]
[Round "8"]
[White "Sansonetti, Giorgio"]
[Black "Minerba, Paolo"]
[WhiteElo "2113"]
[BlackElo "1874"]
[Result "0-1"]
[PlyCount "80"]
[EventDate "2013.05.25"]

1. d4 d5 2. Nc3 Nf6 3. Bg5 Nbd7 4. Qd2 c6 5. f4 e6 6. e3 Bb4 7. Bxf6 Nxf6 8.
Bd3 Bd7 9. Nf3 Rc8 10. a3 Qa5 11. O-O Bxc3 12. bxc3 b5 13. Rfb1 c5 14. dxc5
Rxc5 15. Ne5 a6 16. a4 bxa4 17. Rb7 Qxc3 18. Rb8+ Bc8 19. Qxc3 Rxc3 20. Rxa4
O-O 21. g4 Ne4 22. Ra2 f6 23. Nf3 Nc5 24. Ne1 e5 25. f5 e4 26. Be2 Rxe3 27. Kf2
Rc3 28. Ra5 Bb7 29. Rxc5 Rxc5 30. Rxb7 a5 31. Bb5 Ra8 32. Bd7 a4 33. Ke3 a3 34.
Be6+ Kh8 35. c4 a2 36. Nc2 Rxc4 37. Na1 Rc1 38. Nb3 Rb1 39. Bxd5 Rxb3+ 40. Rxb3
a1=Q 0-1

[Event "II Festival del Salento A"]
[Site "Gallipoli ITA"]
[Date "2013.05.31"]
[Round "8"]
[White "Schmitz, Andreas Arnold"]
[Black "Caruso, Augusto"]
[WhiteElo "2059"]
[BlackElo "2272"]
[Result "0-1"]
[PlyCount "58"]
[EventDate "2013.05.25"]

1. e4 c6 2. Nc3 d5 3. Qf3 e5 4. exd5 Nf6 5. dxc6 Nxc6 6. Bb5 Bd7 7. Nd5 Nd4 8.
Nxf6+ gxf6 9. Bxd7+ Qxd7 10. Qxf6 Nxc2+ 11. Kd1 Nxa1 12. Qxe5+ Qe6 13. Qxh8 Qe4
14. Ne2 Rc8 15. Nc3 Qc2+ 16. Ke2 Rc6 17. g3 Re6+ 18. Kf3 Qd3+ 19. Kg2 Nc2 20.
b3 b5 21. h4 b4 22. Na4 Ne1+ 23. Rxe1 Rxe1 24. Bb2 Qf1+ 25. Kf3 Qh1+ 26. Kg4
Qe4+ 27. f4 Qe6+ 28. f5 Qe4+ 29. Kg5 h6+ 0-1

[Event "II Festival del Salento A"]
[Site "Gallipoli ITA"]
[Date "2013.05.31"]
[Round "8"]
[White "Schmitz, Manuela"]
[Black "Mastrolonardo, Francesco"]
[WhiteElo "2027"]
[BlackElo "1912"]
[Result "0-1"]
[PlyCount "108"]
[EventDate "2013.05.25"]

1. d4 Nf6 2. Nf3 c5 3. e3 b6 4. c4 Bb7 5. Bd3 g6 6. O-O Bg7 7. Nc3 O-O 8. Qe2
d6 9. Rd1 Nbd7 10. Rb1 a6 11. Bc2 Qc7 12. d5 Rfe8 13. e4 Rad8 14. Bf4 Nh5 15.
Be3 Bc8 16. Ba4 Rf8 17. Qd2 Ne5 18. Nxe5 Bxe5 19. Bh6 Bg7 20. Bxg7 Nxg7 21. Ne2
f5 22. f3 fxe4 23. fxe4 Bg4 24. Rf1 Bxe2 25. Qxe2 Qc8 26. Bc2 e5 27. Rxf8+ Rxf8
28. Re1 Qd7 29. Bd3 Nh5 30. g3 Nf6 31. Rf1 Ng4 32. Rxf8+ Kxf8 33. Qf3+ Kg7 34.
Be2 Nf6 35. Kg2 Qa4 36. b3 Qxa2 37. Qd3 Qb2 38. h3 Qc1 39. h4 g5 40. hxg5 Qxg5
41. Qf3 Qg6 42. Bd3 Qg4 43. Qxg4+ Nxg4 44. Kf3 Nf6 45. Be2 Kg6 46. Bf1 Kg5 47.
Bh3 b5 48. Bf1 b4 49. Bh3 h5 50. Bc8 a5 51. Ke3 h4 52. gxh4+ Kxh4 53. Ba6 Kg3
54. Bc8 Ng4+ 0-1

[Event "II Festival del Salento A"]
[Site "Gallipoli ITA"]
[Date "2013.05.31"]
[Round "8"]
[White "Tania, Sachdev"]
[Black "Korneev, Oleg"]
[WhiteElo "2408"]
[BlackElo "2630"]
[Result "1/2-1/2"]
[PlyCount "87"]
[EventDate "2013.05.25"]

1. d4 d5 2. c4 e6 3. Nc3 Nf6 4. cxd5 exd5 5. Bg5 Be7 6. e3 Nbd7 7. Bd3 O-O 8.
Nf3 Re8 9. Qc2 Nf8 10. O-O c6 11. h3 Be6 12. Rab1 N6d7 13. Bxe7 Qxe7 14. b4 a6
15. a4 Nb6 16. a5 Nc8 17. Na4 Nd6 18. Nc5 Rad8 19. Nxe6 Qxe6 20. Ne5 f6 21. Nf3
Rd7 22. Nd2 f5 23. Rfe1 Rde7 24. Nf3 Nd7 25. Nh4 g6 26. f4 Ne4 27. Nf3 Rg7 28.
Bxe4 fxe4 29. Ne5 g5 30. Nxd7 Qxd7 31. fxg5 Rxg5 32. Kh1 Rf8 33. Rf1 Rgf5 34.
Qe2 Qg7 35. Rxf5 Rxf5 36. Rf1 Rxf1+ 37. Qxf1 Qg3 38. Qe2 h5 39. Qxh5 Qxe3 40.
Qg6+ Kh8 41. Qf6+ Kh7 42. Qf7+ Kh6 43. Qf6+ Kh7 44. Qf7+ 1/2-1/2

[Event "II Festival del Salento A"]
[Site "Gallipoli ITA"]
[Date "2013.05.31"]
[Round "8"]
[White "Valsecchi, Alessio"]
[Black "Piscopo, Pierluigi"]
[WhiteElo "2429"]
[BlackElo "2393"]
[Result "1/2-1/2"]
[PlyCount "34"]
[EventDate "2013.05.25"]

1. d4 Nf6 2. c4 g6 3. Nf3 Bg7 4. Nc3 O-O 5. e4 d6 6. h3 Na6 7. Bg5 c5 8. d5 h6
9. Be3 e6 10. Bd3 exd5 11. exd5 Nb4 12. Bb1 b5 13. a3 Qa5 14. Nd2 bxc4 15. Nxc4
Qa6 16. axb4 Qxa1 17. b5 Nd7 1/2-1/2

[Event "II Festival del Salento A"]
[Site "Gallipoli ITA"]
[Date "2013.05.31"]
[Round "8"]
[White "Vargas, Gabriela"]
[Black "Ranfagni, Stefano"]
[WhiteElo "2057"]
[BlackElo "1994"]
[Result "1-0"]
[PlyCount "67"]
[EventDate "2013.05.25"]

1. Nf3 e6 2. d4 f5 3. c4 Nf6 4. g3 c6 5. Bg2 d5 6. O-O Bd6 7. b3 Qe7 8. a4 a5
9. Ba3 Bxa3 10. Nxa3 Na6 11. Ne5 Nd7 12. Qd2 Nxe5 13. dxe5 Nc5 14. Qb2 O-O 15.
Nc2 b6 16. Nd4 Bb7 17. b4 Nd7 18. b5 Nxe5 19. Nxc6 Nxc6 20. bxc6 Bxc6 21. Qxb6
Qd7 22. cxd5 Bxd5 23. Rfd1 Qf7 24. Bxd5 exd5 25. Rd4 Rfd8 26. Rad1 Qe8 27. e3
Rdb8 28. Qc5 Rb4 29. Qxd5+ Kf8 30. Qxf5+ Kg8 31. Qd5+ Kf8 32. Rxb4 axb4 33. Rd4
Qxa4 34. Rf4+ 1-0

[Event "II Festival del Salento A"]
[Site "Gallipoli ITA"]
[Date "2013.05.31"]
[Round "8"]
[White "Wynarczyk, Raymond"]
[Black "Pizzuto, Samuele Tullio"]
[WhiteElo "1959"]
[BlackElo "2099"]
[Result "0-1"]
[PlyCount "92"]
[EventDate "2013.05.25"]

1. e4 Nc6 2. d4 e5 3. Nf3 exd4 4. Nxd4 Bb4+ 5. c3 Bc5 6. Be3 Bb6 7. Na3 Nf6 8.
Nxc6 bxc6 9. Bxb6 axb6 10. Bd3 d5 11. exd5 O-O 12. O-O cxd5 13. Re1 c5 14. Qf3
Be6 15. Nc2 Qd7 16. Ne3 Rfe8 17. a3 Rad8 18. Rad1 Qa4 19. Bc2 Qb5 20. Qe2 Qxe2
21. Rxe2 Bg4 22. f3 d4 23. fxg4 Nxg4 24. Nxg4 Rxe2 25. Bb3 Rxb2 26. Bc4 Rc2 27.
Ne5 Rxc3 28. Nxf7 Ra8 29. Nd6+ Kf8 30. Bd5 Rd8 31. Nb5 Re3 32. Rf1+ Ke8 33. Bc4
Rd7 34. Kf2 Re5 35. Re1 Rde7 36. Nc7+ Kd7 37. Rxe5 Rxe5 38. Nd5 Kc6 39. Nf4 b5
40. Bg8 h6 41. Bh7 c4 42. h4 g5 43. Ne2 Kc5 44. h5 d3 45. Ng3 d2 46. Bc2 Re1
0-1

[Event "II Festival del Salento A"]
[Site "Gallipoli ITA"]
[Date "2013.06.01"]
[Round "9"]
[White "Agrifoglio, Fabio"]
[Black "Dedijer, Mira"]
[WhiteElo "1965"]
[BlackElo "1980"]
[Result "1-0"]
[PlyCount "59"]
[EventDate "2013.05.25"]

1. d4 d5 2. Nf3 Nf6 3. e3 Bg4 4. Be2 e6 5. Nbd2 c5 6. h3 Bh5 7. b3 Nc6 8. Bb2
Rc8 9. O-O cxd4 10. exd4 Bd6 11. Ne5 Bxe2 12. Qxe2 O-O 13. Ndf3 Qc7 14. c4 dxc4
15. bxc4 Nd7 16. Ng4 Ne7 17. Rac1 Bf4 18. Ne3 Rfe8 19. Rc2 g6 20. Qd3 Bh6 21.
d5 Qd6 22. Qd4 e5 23. Qh4 Bxe3 24. fxe3 Nf5 25. Qf2 Qa6 26. g4 Nd6 27. Nd2 f6
28. Rfc1 Nc5 29. Qxf6 Rf8 30. Qxe5 1-0

[Event "II Festival del Salento A"]
[Site "Gallipoli ITA"]
[Date "2013.06.01"]
[Round "9"]
[White "Bernabei, Alberto"]
[Black "Al Khateeb, Taher"]
[WhiteElo "1968"]
[BlackElo "1984"]
[Result "0-1"]
[PlyCount "48"]
[EventDate "2013.05.25"]

1. e4 d5 2. exd5 Nf6 3. Nf3 Nxd5 4. d4 Bf5 5. Bd3 Bg6 6. O-O e6 7. Re1 Be7 8.
Ne5 Bxd3 9. Qxd3 O-O 10. a3 Nd7 11. c4 N5f6 12. Qf3 c6 13. Be3 Nxe5 14. dxe5
Nd7 15. Qg3 Bh4 16. Qf4 f5 17. g3 Be7 18. Nc3 g5 19. Qd4 c5 20. Qd2 Nxe5 21.
Qe2 g4 22. Red1 Nf3+ 23. Kg2 Qe8 24. Nb5 Qc6 0-1

[Event "II Festival del Salento A"]
[Site "Gallipoli ITA"]
[Date "2013.06.01"]
[Round "9"]
[White "Callier, Christophe"]
[Black "Dedijer, Sanja"]
[WhiteElo "2102"]
[BlackElo "2018"]
[Result "1-0"]
[PlyCount "55"]
[EventDate "2013.05.25"]

1. e4 e5 2. Bc4 Nf6 3. Nc3 Nc6 4. d3 Be7 5. f4 O-O 6. Nf3 exf4 7. Bxf4 Na5 8.
e5 Nh5 9. Be3 d6 10. Qe2 Bg4 11. Qf2 Nxc4 12. dxc4 f5 13. O-O-O f4 14. Bd4 b6
15. Nd5 Rf7 16. Rhe1 Qc8 17. h3 Be6 18. Nxe7+ Rxe7 19. Qh4 Qe8 20. exd6 cxd6
21. Ng5 Bf7 22. Nxf7 Rxe1 23. Nh6+ gxh6 24. Rxe1 Qg6 25. Qe7 Ng7 26. Qb7 Re8
27. Qxg7+ Qxg7 28. Rxe8+ 1-0

[Event "II Festival del Salento A"]
[Site "Gallipoli ITA"]
[Date "2013.06.01"]
[Round "9"]
[White "Cammarota, Vittorio"]
[Black "Sansonetti, Giorgio"]
[WhiteElo "1884"]
[BlackElo "2113"]
[Result "0-1"]
[PlyCount "96"]
[EventDate "2013.05.25"]

1. d4 e6 2. Nf3 c5 3. e3 Nf6 4. Nbd2 b6 5. Bd3 Bb7 6. O-O Be7 7. b3 Nc6 8. a3
Rc8 9. Bb2 O-O 10. Rc1 d5 11. Ne5 Nd7 12. f4 f5 13. g4 cxd4 14. exd4 Ncxe5 15.
fxe5 f4 16. Qf3 Rf7 17. Qh3 g5 18. Qh6 Nf8 19. Rf3 Rg7 20. Rh3 Bc6 21. c4 Be8
22. Re1 Bg6 23. Bxg6 Rxg6 24. Qh5 a5 25. cxd5 exd5 26. e6 Qe8 27. Nf3 Rxe6 28.
Qxe8 Rxe1+ 29. Nxe1 Rxe8 30. Rc3 Bf6 31. Nf3 Re2 32. Bc1 Re4 33. Rd3 Ne6 34. a4
Nxd4 35. Nxd4 Rxd4 36. Rxd4 Bxd4+ 37. Kf1 Kf7 38. Ke2 Ke6 39. Kd3 Ke5 40. Bd2
Bc5 41. Bc3+ d4 42. Bd2 Kd5 43. Be1 h6 44. Bf2 f3 45. h3 Bd6 46. Be1 Bf4 47.
Bf2 Be3 48. Be1 f2 0-1

[Event "II Festival del Salento A"]
[Site "Gallipoli ITA"]
[Date "2013.06.01"]
[Round "9"]
[White "Chernukhin, Alexander"]
[Black "Quaranta, Cristiano"]
[WhiteElo "2091"]
[BlackElo "2172"]
[Result "1/2-1/2"]
[PlyCount "26"]
[EventDate "2013.05.25"]

1. Nf3 Nf6 2. g3 b5 3. Bg2 Bb7 4. O-O e6 5. d3 Be7 6. e4 d6 7. Nbd2 Nbd7 8. Ne1
d5 9. Qe2 dxe4 10. dxe4 a6 11. e5 Bxg2 12. Kxg2 Nd5 13. f4 Bc5 1/2-1/2

[Event "II Festival del Salento A"]
[Site "Gallipoli ITA"]
[Date "2013.06.01"]
[Round "9"]
[White "Gutierrez, Leonela"]
[Black "Fasiello, Andrea"]
[WhiteElo "2090"]
[BlackElo "1988"]
[Result "1/2-1/2"]
[PlyCount "56"]
[EventDate "2013.05.25"]

1. e4 e5 2. Nf3 Nc6 3. Bc4 Bc5 4. c3 Nf6 5. d3 d6 6. Nbd2 a6 7. Bb3 Ba7 8. h3
O-O 9. Nf1 Be6 10. Ng3 Qe7 11. O-O Bxb3 12. axb3 Rad8 13. Bg5 Qe6 14. Nf5 Ne7
15. g4 h6 16. Bd2 Nh7 17. Kh2 f6 18. N3h4 Rfe8 19. b4 Bb6 20. Qf3 d5 21. Rad1
Ng5 22. Qg2 dxe4 23. dxe4 Rd7 24. Nxe7+ Qxe7 25. Nf5 Qd8 26. f3 Nf7 27. Qe2 Nd6
28. Be3 Bxe3 1/2-1/2

[Event "II Festival del Salento A"]
[Site "Gallipoli ITA"]
[Date "2013.06.01"]
[Round "9"]
[White "Klein, Gernot"]
[Black "Schmitz, Manuela"]
[WhiteElo "1888"]
[BlackElo "2027"]
[Result "1/2-1/2"]
[PlyCount "30"]
[EventDate "2013.05.25"]

1. e4 e6 2. Qe2 Nc6 3. Nf3 e5 4. c3 Bc5 5. b4 Bd6 6. d3 b6 7. Nbd2 Nf6 8. b5
Na5 9. d4 Qe7 10. g3 O-O 11. Bg2 Bb7 12. O-O exd4 13. Nxd4 Bc5 14. Re1 Rfe8 15.
Bb2 a6 1/2-1/2

[Event "II Festival del Salento A"]
[Site "Gallipoli ITA"]
[Date "2013.06.01"]
[Round "9"]
[White "Mastrolonardo, Francesco"]
[Black "Al Hajiri, Bader"]
[WhiteElo "1912"]
[BlackElo "2019"]
[Result "1/2-1/2"]
[PlyCount "37"]
[EventDate "2013.05.25"]

1. e4 e5 2. Nf3 f5 3. d4 fxe4 4. Nxe5 Nf6 5. Be2 d6 6. Ng4 d5 7. Bg5 Be7 8.
Nxf6+ Bxf6 9. Bxf6 Qxf6 10. O-O O-O 11. f4 Nc6 12. c3 Ne7 13. Na3 Nf5 14. Nc2
Bd7 15. Qd2 c6 16. Ne3 Nxe3 17. Qxe3 Qh6 18. Rf2 Rf7 19. Raf1 1/2-1/2

[Event "II Festival del Salento A"]
[Site "Gallipoli ITA"]
[Date "2013.06.01"]
[Round "9"]
[White "Messina, Roberta"]
[Black "Horvath, Csaba"]
[WhiteElo "1998"]
[BlackElo "2516"]
[Result "0-1"]
[PlyCount "92"]
[EventDate "2013.05.25"]

1. c4 Nf6 2. g3 c6 3. Bg2 d5 4. Nf3 dxc4 5. Qc2 g6 6. Ne5 Bg7 7. Nxc4 O-O 8.
O-O Nbd7 9. Nc3 Nb6 10. Nxb6 axb6 11. d3 Be6 12. Bd2 b5 13. a4 b4 14. Nd1 Nd5
15. Bxd5 cxd5 16. Bxb4 d4 17. a5 Rc8 18. Qd2 Bb3 19. Qg5 Bf6 20. Qb5 Bd5 21.
Bc5 Rc6 22. b4 Re6 23. Re1 Bc6 24. Qc4 Qd7 25. Nb2 Re5 26. Bxd4 Rh5 27. Bxf6
Qh3 28. e4 exf6 29. Qc2 Qxh2+ 30. Kf1 f5 31. Ke2 fxe4 32. dxe4 Re8 33. Kd1 Bxe4
34. Nd3 Rd5 35. Ra3 Qh3 36. Rc3 Qf5 37. Re3 Red8 38. Ke2 Qh5+ 39. Kd2 Qf5 40.
Ke2 Rd4 41. f3 Qh5 42. g4 Qh2+ 43. Kd1 Qg1+ 44. Ke2 Bxd3+ 45. Rcxd3 Rxd3 46.
Rxd3 Re8+ 0-1

[Event "II Festival del Salento A"]
[Site "Gallipoli ITA"]
[Date "2013.06.01"]
[Round "9"]
[White "Minerba, Paolo"]
[Black "Wynarczyk, Raymond"]
[WhiteElo "1874"]
[BlackElo "1959"]
[Result "1-0"]
[PlyCount "105"]
[EventDate "2013.05.25"]

1. e4 c5 2. c3 d5 3. exd5 Qxd5 4. d4 Nc6 5. Nf3 cxd4 6. cxd4 Bg4 7. Nc3 Bxf3 8.
Nxd5 Bxd1 9. Nc7+ Kd7 10. Nxa8 Bh5 11. d5 Nb4 12. Be3 Nc2+ 13. Kd2 Nxa1 14.
Bb5+ Kd6 15. Bxa7 Kxd5 16. Rc1 e6 17. Nb6+ Ke4 18. Bd3+ Kf4 19. Rc4+ Kg5 20.
Nd7 f5 21. Nxf8 Ne7 22. Nxe6+ Kf6 23. Nf4 Bf7 24. Rc1 Nc6 25. Bb6 g5 26. Ne2
Re8 27. Rxa1 Nb4 28. a3 Nd5 29. Ba5 Re6 30. Bc3+ Kg6 31. Bc4 Rd6 32. Bxd5 Bxd5
33. Nd4 Bxg2 34. a4 Kh5 35. Ke2 f4 36. f3 Bh3 37. Kf2 Kg6 38. Re1 b6 39. Re8 h5
40. Rg8+ Kh6 41. Rf8 Kg6 42. b4 Rd7 43. Rb8 Rd6 44. a5 bxa5 45. bxa5 g4 46. Rb6
g3+ 47. hxg3 fxg3+ 48. Kxg3 Rxb6 49. axb6 Bc8 50. Nb5 Bb7 51. f4 h4+ 52. Kxh4
Bf3 53. Be5 1-0

[Event "II Festival del Salento A"]
[Site "Gallipoli ITA"]
[Date "2013.06.01"]
[Round "9"]
[White "Naumkin, Igor"]
[Black "Tania, Sachdev"]
[WhiteElo "2453"]
[BlackElo "2408"]
[Result "1/2-1/2"]
[PlyCount "31"]
[EventDate "2013.05.25"]

1. d4 Nf6 2. c4 e6 3. Nf3 d5 4. Bg5 Be7 5. e3 O-O 6. Nc3 h6 7. Bh4 Ne4 8. Bxe7
Qxe7 9. Rc1 c6 10. Bd3 Nxc3 11. Rxc3 dxc4 12. Bxc4 Nd7 13. O-O e5 14. Bb3 e4
15. Nd2 Nf6 16. f3 1/2-1/2

[Event "II Festival del Salento A"]
[Site "Gallipoli ITA"]
[Date "2013.06.01"]
[Round "9"]
[White "Paolillo, Gaia"]
[Black "Balducci, Alessandro"]
[WhiteElo "1903"]
[BlackElo "1848"]
[Result "1/2-1/2"]
[PlyCount "73"]
[EventDate "2013.05.25"]

1. e4 c5 2. Nf3 a6 3. d4 cxd4 4. Nxd4 d6 5. Nc3 Nf6 6. Be2 e6 7. Be3 Nbd7 8.
O-O Qc7 9. Kh1 Be7 10. f4 b5 11. a3 Bb7 12. Bf3 O-O 13. Nb3 Rac8 14. Qe2 d5 15.
exd5 Nxd5 16. Nxd5 Bxd5 17. Bxd5 exd5 18. c3 Qc4 19. Qd1 Bf6 20. Bd4 Rfe8 21.
Bxf6 Nxf6 22. Nd4 Re3 23. Nf5 Re6 24. Re1 Rce8 25. Rxe6 Rxe6 26. Qf3 Qe2 27.
Qxe2 Rxe2 28. Rb1 Kf8 29. Kg1 Ne4 30. Nd4 Rf2 31. g3 Rd2 32. Nb3 Rd3 33. Kg2
Ke7 34. Re1 Kd6 35. Re2 f5 36. Kh3 g6 37. Kg2 1/2-1/2

[Event "II Festival del Salento A"]
[Site "Gallipoli ITA"]
[Date "2013.06.01"]
[Round "9"]
[White "Ranfagni, Stefano"]
[Black "Pizzuto, Samuele Tullio"]
[WhiteElo "1994"]
[BlackElo "2099"]
[Result "1-0"]
[PlyCount "111"]
[EventDate "2013.05.25"]

1. c4 e5 2. Nc3 Nf6 3. g3 d5 4. cxd5 Nxd5 5. Bg2 Nb6 6. d3 Nc6 7. Nf3 Be7 8.
O-O O-O 9. a3 Be6 10. b4 a5 11. b5 Nd4 12. Nxd4 exd4 13. Na4 Bd5 14. Nxb6 cxb6
15. Bxd5 Qxd5 16. Qa4 Bc5 17. Bb2 Rfe8 18. Rfe1 Re6 19. Qc4 Qd7 20. Bc1 Rae8
21. Ra2 h5 22. h4 Rg6 23. Bg5 Kh7 24. Kh2 Rge6 25. Kg2 Re5 26. Bf4 R5e7 27. Qb3
f6 28. Rc2 Qf5 29. Bc1 g5 30. e4 dxe3 31. Bxe3 g4 32. Rce2 Qf3+ 33. Kh2 Kg7 34.
d4 Bd6 35. Qb2 Bxg3+ 36. fxg3 Rxe3 37. Rxe3 Rxe3 38. Rxe3 Qxe3 39. a4 Qe6 40.
Qc2 Qd6 41. Qe4 Qd7 42. Kg2 Kf8 43. Kf2 Qf7 44. d5 Qc7 45. Qf5 Qc5+ 46. Kg2 Qc3
47. Qf4 Qc2+ 48. Kf1 Qd1+ 49. Kf2 Qc2+ 50. Ke3 Qc3+ 51. Ke4 Qc2+ 52. Ke3 Qb3+
53. Ke2 Qb2+ 54. Ke3 Qc1+ 55. Ke4 Kf7 56. Qxc1 1-0

[Event "II Festival del Salento A"]
[Site "Gallipoli ITA"]
[Date "2013.06.01"]
[Round "9"]
[White "Rothebarth De Paula, Ana Vitoria"]
[Black "De Giorgi, Stefano"]
[WhiteElo "2006"]
[BlackElo "2102"]
[Result "0-1"]
[PlyCount "80"]
[EventDate "2013.05.25"]

1. e4 e6 2. f4 d5 3. e5 c5 4. Nf3 Nc6 5. c3 Nge7 6. Na3 Nf5 7. Nc2 Bd7 8. d3
Be7 9. Ne3 Nxe3 10. Bxe3 d4 11. Bf2 O-O 12. g3 f6 13. exf6 Bxf6 14. c4 e5 15.
fxe5 Bxe5 16. Bg2 Bg4 17. O-O Qd7 18. Be1 Rf6 19. Qa4 Raf8 20. Nxe5 Rxf1+ 21.
Bxf1 Qf5 22. Bg2 Nxe5 23. Qc2 Bh3 24. Qe2 Bxg2 25. Kxg2 Qxd3 26. Qxd3 Nxd3 27.
b4 Re8 28. Kf1 Nxe1 29. Rxe1 Rxe1+ 30. Kxe1 b6 31. Ke2 Kf7 32. Kf3 Ke6 33. Ke4
cxb4 34. Kxd4 Kd6 35. h3 a5 36. g4 a4 37. h4 Kc6 38. h5 h6 39. Ke4 b3 40. axb3
a3 0-1

[Event "II Festival del Salento A"]
[Site "Gallipoli ITA"]
[Date "2013.06.01"]
[Round "9"]
[White "Rudolf, Anna"]
[Black "Valsecchi, Alessio"]
[WhiteElo "2289"]
[BlackElo "2429"]
[Result "1/2-1/2"]
[PlyCount "48"]
[EventDate "2013.05.25"]

1. e4 e6 2. d4 d5 3. exd5 exd5 4. Bd3 Nc6 5. c3 Bd6 6. Qf3 Be6 7. Ne2 Qf6 8.
Qxf6 Nxf6 9. Bf4 O-O-O 10. f3 Bxf4 11. Nxf4 Rde8 12. Kf2 g5 13. Ne2 Ne7 14. Nd2
Bf5 15. Bxf5+ Nxf5 16. Rae1 b6 17. Ng3 Nh4 18. Re2 Ng6 19. Rhe1 Nf4 20. Rxe8+
Rxe8 21. Rxe8+ Nxe8 22. b3 Nd6 23. Ne2 Ne6 24. Ke3 Kd7 1/2-1/2

[Event "II Festival del Salento A"]
[Site "Gallipoli ITA"]
[Date "2013.06.01"]
[Round "9"]
[White "Vargas, Gabriela"]
[Black "Schmitz, Andreas Arnold"]
[WhiteElo "2057"]
[BlackElo "2059"]
[Result "0-1"]
[PlyCount "42"]
[EventDate "2013.05.25"]

1. d4 d5 2. Nf3 Nf6 3. c4 dxc4 4. e3 Bg4 5. Bxc4 e6 6. h3 Bh5 7. Nc3 a6 8. g4
Bg6 9. Ne5 c5 10. g5 Bh5 11. Qb3 Nfd7 12. Qxb7 Nxe5 13. dxe5 Nd7 14. Bxa6 Rb8
15. Qe4 Rb4 16. Qc6 Rb6 17. Qa4 Qa8 18. Bb5 Qxh1+ 19. Kd2 Qb7 20. Ke1 Be7 21.
Qa5 O-O 0-1

[Event "X Open Primavera"]
[Site "Robecchetto con Induno ITA"]
[Date "2013.04.04"]
[Round "1"]
[White "Buonasorte, Roberto"]
[Black "Macchiettini, Pierangelo"]
[WhiteElo "1452"]
[BlackElo "1706"]
[Result "1-0"]
[PlyCount "49"]
[EventDate "2013.04.04"]

1. e4 c5 2. c3 d6 3. d4 cxd4 4. cxd4 Nf6 5. Bd3 g6 6. Nc3 Bg7 7. Nge2 Nbd7 8.
Bd2 a6 9. a4 O-O 10. Qc1 e5 11. d5 Nc5 12. Bc2 Bg4 13. f3 Bc8 14. b4 Ncd7 15.
Bg5 Qb6 16. Rb1 Qc7 17. Bd3 Nb6 18. b5 Bd7 19. Qa3 h6 20. Be3 Ne8 21. Bxb6 Qxb6
22. bxa6 Qe3 23. Nd1 Qa7 24. Rxb7 Qd4 25. Nxd4 1-0